00640nam a2200169Ia 450000500170000000800410001701600140005804000240007208600240009611001070012024500590022726000730028630000170035956300100037665000360038665000480042220250902173138.0210303s9999 xx 000 0 und d 2reto2022b aNLNbEnglisheAACR2 aOD DT515 .L13bA222 aNIGERIA. Lagos State. Tribunal of Inquiry into the purchase of Scania-Metropol buses from Sweden, 1970 0aComments of the Lagos State Government on the report / aLagos :bLagos State Information Division, Governor's. office,c1971 a48p. ;b24cm a(pbk) aScaniavMetropol buses in Lagos aMotor vehiclesvExaminations, questions etc